| 000 | 00671nam a2200205 i 4500 | ||
|---|---|---|---|
| 001 | 94422 | ||
| 003 | ES-MaACL | ||
| 005 | 20250516063029.0 | ||
| 007 | t| | ||
| 008 | 050429s1974 sp ||||1| spa d | ||
| 100 | 1 |
_aLorenzo, Anselmo, _d1841-1914 _9240499 |
|
| 245 | 1 | 3 |
_aEl proletariado militante / _cAnselmo Lorenzo; prólogo, notas y cronología de José Alvarez Junco. |
| 260 |
_aMadrid : _bAlianza, _c1974. |
||
| 300 |
_a490 p. ; _c20 cm. |
||
| 490 | 1 |
_aAlianza universidad ; _v87 |
|
| 700 |
_aÁlvarez Junco, José, _d1942- _9237536 |
||
| 830 | 0 |
_aAlianza universidad ; _v87 _9177276 |
|
| 852 |
_aES-MaACL _jC-56766 _bR.89580 |
||
| 999 |
_c94422 _d94422 |
||